000 00458nam a22001457a 4500
005 20260303121458.0
008 260303b |||||||| |||| 00| 0 eng d
020 _a978-9914-44-760-6
100 _aMBUVI, KENNETH
245 _aOXFORD ACTIVE BUSINESS STUDIES: GRADE 10, LEARNER'S BOOK
260 _aNAIROBI
_bOXFORD UNIVERSITY PRESS
_c2025
300 _aIV, 204P.
650 _aBUSINESS STUDIES-TEXTBOOKS-STUDY AND TEACHING (SECONDARY)
942 _2lcc
_cBK
999 _c216759
_d216759